<?xml version="1.0" encoding="UTF-8"?>
<collection xmlns:xsi="http://www.w3.org/2001/XMLSchema-instance" xsi:schemaLocation="http://www.loc.gov/MARC21/slim http://www.loc.gov/standards/marcxml/schema/MARC21slim.xsd" xmlns="http://www.loc.gov/MARC21/slim">
 <record>
  <leader>00000caa a22000003a 4500</leader>
  <controlfield tag="001">UP-8027390931312424494</controlfield>
  <controlfield tag="003">Buklod</controlfield>
  <controlfield tag="005">20140905103057.0</controlfield>
  <controlfield tag="006">o--- |     ||   ||</controlfield>
  <controlfield tag="007">ta</controlfield>
  <controlfield tag="008">140905s        xx     d     r    |||| u|</controlfield>
  <datafield tag="035" ind1=" " ind2=" ">
   <subfield code="a">(iLib)UPCEB-00008419443</subfield>
  </datafield>
  <datafield tag="040" ind1=" " ind2=" ">
   <subfield code="a">emz</subfield>
  </datafield>
  <datafield tag="041" ind1=" " ind2=" ">
   <subfield code="a">eng</subfield>
  </datafield>
  <datafield tag="100" ind1="1" ind2=" ">
   <subfield code="a">Helzer, Erik G.</subfield>
  </datafield>
  <datafield tag="245" ind1="0" ind2="4">
   <subfield code="a">Why and when peer prediction is superior to self-prediction</subfield>
   <subfield code="b">the weight given to future aspiration versus past achievement.  [article].</subfield>
  </datafield>
  <datafield tag="300" ind1=" " ind2=" ">
   <subfield code="a">pp. 38-53</subfield>
  </datafield>
  <datafield tag="520" ind1=" " ind2=" ">
   <subfield code="a">Peer predictions of future behavior and achievement are often more accurate than those furnished by the self.  Although both self- and peer predictions correlate equally with future outcomes, peers tend to avoid the degree of overoptimism so often seen in self-predictions.  In 3 studies, the authors tested whether this differential accuracy arises because people give more weight to to past behavior when predicting others, but emphasize agentic information, in particular data about their aspiration level, when predicting the self.  Studies 1 and 3 shoed that the exact same participants rated past behavior more diagnostic of future performance when predicting another person but viewed aspiration-level data as more valuable when someone else was trying to predict them.  In Studies 2 and 3 predicting an upcoming exam score an d performance in a lab task, respectively), participants gave greater weight in self-predictions to aspiration-level data than did a yoked peed, who instead gave greater weight to evidence of past achievement.  This differential weighting explained why peer predictions tended to be less optimistic and,thus, more accurate.  Discussion centers on strategies for predicting future behavior and why people may remain ignorant of their own incompetence despite feedback. - (from the authors)</subfield>
  </datafield>
  <datafield tag="600" ind1="0" ind2="0">
   <subfield code="a">Dunning, David.</subfield>
  </datafield>
  <datafield tag="650" ind1="1" ind2="7">
   <subfield code="a">Self-prediction.</subfield>
  </datafield>
  <datafield tag="650" ind1="1" ind2="7">
   <subfield code="a">Social prediction.</subfield>
  </datafield>
  <datafield tag="650" ind1="1" ind2="7">
   <subfield code="a">Optimism.</subfield>
  </datafield>
  <datafield tag="650" ind1="1" ind2="7">
   <subfield code="a">Self-enhancement.</subfield>
  </datafield>
  <datafield tag="650" ind1="1" ind2="7">
   <subfield code="a">Accuracy.</subfield>
  </datafield>
  <datafield tag="773" ind1="0" ind2=" ">
   <subfield code="a">Journal of personality and social psychology</subfield>
   <subfield code="g">vol.103, 2012.</subfield>
  </datafield>
  <datafield tag="942" ind1=" " ind2=" ">
   <subfield code="a">Analytics</subfield>
  </datafield>
 </record>
</collection>
